| 000 | 00315nam a22001217a 4500 | ||
|---|---|---|---|
| 082 |
_a297.4 _bYAM _cM |
||
| 100 |
_aYamin, Mulana Muhammad _951087 |
||
| 245 | _aاحاديث قدسية | ||
| 260 |
_aKarachi, _bDarul Ishat, _c2010. |
||
| 300 | _a239p. | ||
| 526 |
_a0 _b0 _c0 _d297_400000000000000_YAM |
||
| 942 |
_2ddc _cBK |
||
| 999 |
_c553837 _d553837 |
||